Appellations vins de Bordeaux - Statistiques

Statistiques générales
  • Ce quiz a été pris 165 fois
    142 depuis la dernière actualisation
  • Le résultat moyen est 19 sur 49
Statistiques - réponses
Couleur Réponse % Correct
Rouge Saint-Emilion
83%
Rouge Haut-Médoc
75%
Rouge Médoc
75%
Blanc doux Sauternes
72%
Rouge Margaux
70%
Rouge Blanc Blanc doux Bordeaux
68%
Rouge Blanc Graves
68%
Rouge Pommerol
68%
Rouge Saint-Estèphe
64%
Rouge Saint-Julien
60%
Blanc Rouge Entre-Deux-Mers
58%
Rouge Blanc Pessac-Léognan
58%
Rouge Pauillac
51%
Rouge Moulis
47%
Blanc doux Barsac
43%
Blanc Côtes de Blaye
43%
Rouge Lalande-de-Pommerol
43%
Rouge Blanc doux Bordeaux supérieur
42%
Rouge Listrac-Médoc
40%
Rouge Montagne Saint-Emilion
40%
Rouge Puisseguin Saint-Emilion
40%
Blanc Doux Cadillac
38%
Rouge Côtes de Bordeaux
36%
Rouge Côtes de Bordeaux
36%
Rouge Côtes de Bordeaux
36%
Rouge Lussac Saint-Emilion
36%
Blanc Rouge Côtes de Bourg
34%
Rosé Blanc Crémant de bordeaux
34%
Rouge Fronsac
34%
Rouge Saint-Emilion Grand Cru
34%
Rouge Saint-Georges-Saint-Emilion
30%
Blanc doux Cérons
28%
Rouge Canon Fronsac
26%
Blanc doux Graves Supérieures
26%
Blanc Rouge Blaye Côtes de Bordeaux
25%
Rouge Castillon Côtes de Bordeaux
25%
Blanc Blanc doux Rouge Francs côtes de Bordeaux
25%
Blanc Blanc doux Rouge Graves de Vayres
25%
Blanc doux Loupiac
25%
Blanc doux Sainte-Croix-du-Mont
25%
Rosé Bordeaux rosé
23%
Rosé Bordeaux clairet
21%
Rouge Cadillac Côtes de Bordeaux
21%
Blanc Blanc doux Bordeaux Haut-Benauge
17%
Blanc Blanc doux Côtes de Bordeaux-Saint-Macaire
17%
Blanc doux Premières Côtes de Bordeaux
17%
Rouge Blavia
15%
Blanc Entre-Deux-Mers Haut-Benauge
15%
Blanc Blanc doux rouge Sainte-Foy Côtes de Bordeaux
15%
Aucun quiz correspondant
Distribution des résultats
% des personnes avec chaque résultat
Percentile par nombre de réponses
Votre historique - résultats
Vous n’avez pas pris ce quiz depuis la dernière actualisation